[Event "III Kings' Tournament"]
[Site "Bazna ROM"]
[Date "2009.06.14"]
[Round "1"]
[White "Nisipeanu,LD"]
[Black "Ivanchuk,V"]
[Result "0-1"]
[WhiteElo "2675"]
[BlackElo "2746"]
[EventDate "2009.06.14"]

1. e4 e5 2. Nf3 Nc6 3. Bb5 a6 4. Ba4 Nf6 5. O-O Be7 6. Re1 b5 7. Bb3 d6 8.
c3 O-O 9. h3 Re8 10. d4 Bb7 11. Nbd2 Bf8 12. Bc2 h6 13. d5 Ne7 14. b3 c6
15. c4 cxd5 16. cxd5 Nd7 17. a4 f5 18. axb5 axb5 19. Rxa8 Qxa8 20. Bd3 Nf6
21. Bxb5 Rc8 22. Bc4 fxe4 23. Nxe4 Nxe4 24. Rxe4 Bxd5 25. Rg4 Kh8 26. Be3
Bxf3 27. gxf3 d5 28. Bd3 Rc3 29. Bb1 d4 30. Be4 Qa2 31. Bd2 Rxb3 32. Kg2
Rb2 33. Be1 Nd5 34. Kg1 0-1

[Event "III Kings' Tournament"]
[Site "Bazna ROM"]
[Date "2009.06.14"]
[Round "1"]
[White "Kamsky,G"]
[Black "Shirov,A"]
[Result "0-1"]
[WhiteElo "2720"]
[BlackElo "2745"]
[EventDate "2009.06.14"]

1. c4 e6 2. Nf3 d5 3. g3 Nf6 4. Bg2 Be7 5. O-O O-O 6. b3 d4 7. e3 c5 8.
exd4 cxd4 9. d3 Nc6 10. Qe2 a5 11. Na3 a4 12. Bb2 Nd7 13. Nb5 e5 14. Nd2
Nc5 15. Ba3 Bf5 16. Bxc5 Bxc5 17. Kh1 Bg6 18. Ne4 Be7 19. f4 f5 20. Nd2
exf4 21. gxf4 Re8 22. Qe6+ Kh8 23. Nf3 Bb4 24. Qd5 Bc3 25. Rad1 Qe7 26. Nd6
Nb4 27. Qe5 a3 28. Nxe8 Qxe8 29. Rf2 Bb2 30. Nh4 Qxe5 31. Nxg6+ hxg6 32.
fxe5 Nxa2 33. Bxb7 Ra7 34. Bd5 Nb4 35. Rf3 Nxd5 36. cxd5 a2 37. Rff1 Kg8
38. Ra1 Bxa1 39. Rxa1 Ra5 40. b4 Rxd5 41. Rxa2 Rxe5 42. Ra8+ Kf7 43. Rd8
Re1+ 44. Kg2 Re2+ 45. Kg1 g5 46. Rxd4 g4 47. b5 Rb2 48. Rd5 Ke6 49. Rc5 g5
50. d4 Rb4 51. Rc6+ Kd5 52. Rc5+ Ke4 53. Re5+ Kf4 54. Rd5 Rb1+ 55. Kg2 Rb2+
56. Kg1 Rd2 57. Rc5 Rxd4 58. b6 Rb4 59. Rc6 g3 60. h3 Ke4 0-1

[Event "III Kings' Tournament"]
[Site "Bazna ROM"]
[Date "2009.06.15"]
[Round "2"]
[White "Gelfand,B"]
[Black "Nisipeanu,LD"]
[Result "1-0"]
[WhiteElo "2733"]
[BlackElo "2675"]
[EventDate "2009.06.14"]

1. d4 d6 2. Nf3 g6 3. c4 Bg7 4. e4 Nf6 5. Nc3 O-O 6. Be2 e5 7. O-O Nc6 8.
d5 Ne7 9. b4 Nh5 10. Re1 a5 11. bxa5 f5 12. Nd2 Nf6 13. c5 Rxa5 14. Nb3 Ra8
15. f3 f4 16. a4 g5 17. Ba3 h5 18. a5 Ng6 19. cxd6 cxd6 20. Na4 g4 21. Nb6
Nxe4 22. fxe4 f3 23. Rf1 Nf4 24. Bxf3 gxf3 25. Rxf3 Bg4 26. Nxa8 Qxa8 27.
Bxd6 Rf7 28. Qf1 Qd8 29. Bc5 Bf8 30. Rf2 Qh4 31. Kh1 Ne2 32. Rxf7 Ng3+ 33.
Kg1 Bxc5+ 34. Nxc5 Ne2+ 35. Qxe2 Bxe2 36. Rf2 1-0

[Event "III Kings' Tournament"]
[Site "Bazna ROM"]
[Date "2009.06.15"]
[Round "2"]
[White "Kamsky,G"]
[Black "Radjabov,T"]
[Result "1/2-1/2"]
[WhiteElo "2720"]
[BlackElo "2756"]
[EventDate "2009.06.14"]

1. e4 c5 2. Nf3 d6 3. d4 cxd4 4. Nxd4 Nf6 5. Nc3 g6 6. Be2 Bg7 7. O-O Nc6
8. Be3 O-O 9. Qd2 d5 10. exd5 Nxd5 11. Nxd5 Nxd4 12. c4 e5 13. Rad1 Be6 14.
Bxd4 exd4 15. Nf4 Bf5 16. Bf3 Rc8 17. b3 Qd7 18. a4 Rfe8 19. h3 b6 20. Bd5
Qe7 21. Nd3 Qa3 22. g4 Bxd3 23. Qxd3 Qb4 24. Qf3 Re7 25. h4 Rce8 26. Rd3
Qd6 27. Kg2 h6 28. Rh1 a5 29. Rdd1 Be5 30. h5 g5 31. Rhe1 Qf6 32. Re4 Qxf3+
33. Kxf3 Kg7 34. Rb1 Bd6 1/2-1/2

[Event "III Kings' Tournament"]
[Site "Bazna ROM"]
[Date "2009.06.17"]
[Round "4"]
[White "Ivanchuk,V"]
[Black "Radjabov,T"]
[Result "1/2-1/2"]
[WhiteElo "2746"]
[BlackElo "2756"]
[EventDate "2009.06.14"]

1. e4 c5 2. Nf3 Nc6 3. Nc3 e6 4. d4 cxd4 5. Nxd4 Nf6 6. Nxc6 bxc6 7. e5 Nd5
8. Ne4 Qc7 9. f4 Qb6 10. c4 Ne3 11. Qd3 Nf5 12. Bd2 Qxb2 13. Rb1 Qd4 14.
Qxd4 Nxd4 15. c5 a5 16. Kf2 Be7 17. Nd6+ Bxd6 18. exd6 O-O 19. Rb6 Nc2 20.
Bc4 Nb4 21. Bxb4 axb4 22. Ke3 h6 23. Kd4 g5 24. f5 exf5 25. Re1 Kg7 26. g3
Kf6 27. Re7 h5 28. Bb3 h4 29. gxh4 Rh8 30. Rxf7+ Kg6 31. hxg5 Rxh2 32. Rf8
Rh4+ 33. Ke3 Kxg5 34. Rg8+ Kf6 35. Rf8+ Kg5 36. Rg8+ Kf6 37. Rf8+ 1/2-1/2

[Event "III Kings' Tournament"]
[Site "Bazna ROM"]
[Date "2009.06.17"]
[Round "4"]
[White "Gelfand,B"]
[Black "Kamsky,G"]
[Result "1/2-1/2"]
[WhiteElo "2733"]
[BlackElo "2720"]
[EventDate "2009.06.14"]

1. d4 Nf6 2. c4 g6 3. Nc3 d5 4. cxd5 Nxd5 5. e4 Nxc3 6. bxc3 Bg7 7. Bc4 c5
8. Ne2 Nc6 9. Be3 O-O 10. O-O Na5 11. Bd3 b6 12. Qd2 e5 13. Bg5 Qd7 14. Bh6
Bxh6 15. Qxh6 f6 16. f4 Qg7 17. Qh4 exf4 18. Qxf4 Be6 19. Qf2 Rad8 20. Nf4
Bf7 21. Rad1 cxd4 22. cxd4 Rd6 23. Rc1 Rd7 24. d5 Nb7 25. Rc6 Nc5 26. Bc2
Re7 27. Qd4 Rd8 28. Qxf6 Qxf6 29. Rxf6 Nxe4 30. Re6 Bxe6 31. Nxe6 Rxe6 32.
dxe6 Nc5 33. Rf7 Nxe6 34. Rxa7 Nc5 35. Ra3 Kg7 36. Kf1 Rd2 37. Rc3 1/2-1/2

[Event "III Kings' Tournament"]
[Site "Bazna ROM"]
[Date "2009.06.17"]
[Round "4"]
[White "Nisipeanu,LD"]
[Black "Shirov,A"]
[Result "1/2-1/2"]
[WhiteElo "2675"]
[BlackElo "2745"]
[EventDate "2009.06.14"]

1. e4 e5 2. Nf3 Nc6 3. Bb5 a6 4. Ba4 Nf6 5. O-O b5 6. Bb3 Bc5 7. a4 Rb8 8.
axb5 axb5 9. Bd5 O-O 10. Bxc6 dxc6 11. d3 Bg4 12. h3 Bh5 13. Be3 Bxe3 14.
fxe3 Bxf3 15. Qxf3 Qd6 16. Nd2 Ra8 17. Qe2 Nd7 18. Nf3 c5 19. b3 g6 20. Ng5
Nf6 21. Qf2 Rxa1 22. Rxa1 h6 23. Rf1 Kg7 24. Qxf6+ Qxf6 25. Rxf6 Kxf6 26.
Nh7+ Ke7 27. Nxf8 Kxf8 28. Kf2 Ke7 29. Ke2 h5 30. Kf3 Kf6 31. g3 1/2-1/2

[Event "III Kings' Tournament"]
[Site "Bazna ROM"]
[Date "2009.06.18"]
[Round "5"]
[White "Kamsky,G"]
[Black "Ivanchuk,V"]
[Result "0-1"]
[WhiteElo "2720"]
[BlackElo "2746"]
[EventDate "2009.06.14"]

1. e4 c5 2. Nf3 d6 3. d4 cxd4 4. Nxd4 Nf6 5. Nc3 a6 6. Be3 e6 7. a4 Nc6 8.
Be2 Be7 9. O-O O-O 10. f4 Qc7 11. Kh1 Re8 12. Qd2 Bd7 13. Rad1 Nxd4 14.
Qxd4 Bc6 15. Bc4 Bxe4 16. Nxe4 d5 17. Bxd5 Nxd5 18. c3 Rad8 19. Ng3 Qc6 20.
Nh5 Bf8 21. Bg1 g6 22. Rd3 f6 23. c4 gxh5 24. Rg3+ Bg7 25. cxd5 exd5 26.
Qd1 h4 27. Rh3 d4 28. Rff3 Qe4 29. f5 Re5 30. Bf2 Qe2 31. Qb3+ Kh8 32. Rxh4
Qe1+ 0-1

[Event "III Kings' Tournament"]
[Site "Bazna ROM"]
[Date "2009.06.20"]
[Round "6"]
[White "Ivanchuk,V"]
[Black "Nisipeanu,LD"]
[Result "1-0"]
[WhiteElo "2746"]
[BlackElo "2675"]
[EventDate "2009.06.14"]

1. e4 c5 2. Nf3 e6 3. d4 cxd4 4. Nxd4 Nf6 5. Nc3 d6 6. Be3 Be7 7. f4 O-O 8.
Qf3 e5 9. Nf5 Bxf5 10. exf5 Nbd7 11. Bc4 Rc8 12. Bb3 d5 13. Nxd5 Nxd5 14.
Qxd5 exf4 15. Bxf4 Bb4+ 16. c3 Qe7+ 17. Kf1 Rc5 18. Re1 Qh4 19. Qe4 Ba5 20.
Bd6 Qxe4 21. Rxe4 Rxf5+ 22. Ke2 Nc5 23. Re3 Rc8 24. g4 1-0

[Event "III Kings' Tournament"]
[Site "Bazna ROM"]
[Date "2009.06.20"]
[Round "6"]
[White "Shirov,A"]
[Black "Kamsky,G"]
[Result "1-0"]
[WhiteElo "2745"]
[BlackElo "2720"]
[EventDate "2009.06.14"]

1. e4 c6 2. d4 d5 3. e5 Bf5 4. Nf3 e6 5. Be2 Nd7 6. O-O Rc8 7. b3 h6 8. c4
Bb4 9. Ba3 Qa5 10. Bb2 Qd8 11. Na3 Ne7 12. Nc2 Bxc2 13. Qxc2 O-O 14. Bd3 f6
15. a3 Ba5 16. Qe2 fxe5 17. dxe5 Bb6 18. Nd4 Bxd4 19. Bxd4 Nf5 20. Bc3 a5
21. Rac1 Nc5 22. Bc2 a4 23. b4 Nb3 24. Rcd1 Qh4 25. f4 Qe7 26. g4 Nh4 27.
Be1 Rc7 28. Qd3 g5 29. Bxh4 gxh4 30. Qg6+ Qg7 31. Qxe6+ Kh8 32. g5 Re7 33.
Qg4 hxg5 34. fxg5 1-0

[Event "III Kings' Tournament"]
[Site "Bazna ROM"]
[Date "2009.06.20"]
[Round "6"]
[White "Gelfand,B"]
[Black "Radjabov,T"]
[Result "1/2-1/2"]
[WhiteElo "2733"]
[BlackElo "2756"]
[EventDate "2009.06.14"]

1. d4 Nf6 2. c4 g6 3. Nc3 Bg7 4. e4 d6 5. Nf3 O-O 6. Be2 e5 7. O-O Nc6 8.
d5 Ne7 9. Nd2 a5 10. a3 Bd7 11. b3 c6 12. Ra2 Qb8 13. Rc2 Rc8 14. Ndb1 cxd5
15. cxd5 b5 16. b4 a4 17. Qd3 Nh5 18. Bxh5 gxh5 19. Bg5 Ng6 20. Nd2 Rf8 21.
Rfc1 Qe8 22. Qe2 f6 23. Be3 h4 24. h3 Rc8 25. Qh5 f5 26. Nf3 Nf4 27. Qxe8
Rfxe8 28. Nxh4 Nd3 29. Nxf5 Nxc1 30. Rxc1 Bf8 31. Kf1 Rc4 32. Ng3 Rec8 33.
Nge2 h5 34. Ke1 Be7 35. Kd2 Kf7 36. Rh1 Bf6 37. g3 1/2-1/2

[Event "III Kings' Tournament"]
[Site "Bazna ROM"]
[Date "2009.06.21"]
[Round "7"]
[White "Nisipeanu,LD"]
[Black "Gelfand,B"]
[Result "1/2-1/2"]
[WhiteElo "2675"]
[BlackElo "2733"]
[EventDate "2009.06.14"]

1. e4 e5 2. Nf3 Nf6 3. Nxe5 d6 4. Nf3 Nxe4 5. d4 d5 6. Bd3 Nc6 7. O-O Be7
8. Re1 Bg4 9. c3 f5 10. c4 dxc4 11. Bxc4 Qd6 12. Nc3 O-O-O 13. Nxe4 fxe4
14. Rxe4 Qg6 15. Bd3 Nxd4 16. Rxd4 Rxd4 17. Nxd4 Bxd1 18. Bxg6 hxg6 19. Bf4
Bg4 20. Nb5 c6 21. h3 Be6 22. Nd6+ Bxd6 23. Bxd6 Kd7 24. Be5 Rg8 25. b4 Ke7
26. a4 Kf7 27. Bd4 a6 28. a5 Rd8 29. Bb6 Re8 30. f3 Bd5 31. Kf2 Bc4 32. Rd1
Bd5 33. Be3 Re5 34. Rd4 Rf5 35. Ke2 Re5 36. Kf2 Rf5 37. Rd2 Re5 38. Bd4 Re8
39. Bc3 Re7 40. Rd4 Rd7 41. Rf4+ Kg8 42. Rg4 Kh7 43. Rg5 Bf7 44. Re5 Kg8
45. Kg3 Rd3 46. Be1 Rd6 47. Bf2 Re6 48. Rg5 Rd6 49. Rg4 Rd7 50. Re4 Kh7 51.
Bc5 Kg8 52. h4 Kh7 53. Kf4 Kg8 54. Re5 Kh7 55. Ke3 Kg8 56. f4 Rd8 57. g3
Re8 58. Kd4 Rxe5 59. fxe5 Bd5 60. Bd6 Kf7 61. Kc5 Ke6 62. Kb6 c5 63. bxc5
Bf3 64. Kc7 Be4 65. Kd8 Bc6 66. Bb8 Ba4 67. g4 Bc6 68. Bd6 Bf3 69. Kc7 Bc6
70. Kc8 Bf3 71. g5 Bc6 72. Kd8 Ba4 73. Bf8 Kxe5 74. Ke7 Bd1 1/2-1/2

[Event "III Kings' Tournament"]
[Site "Bazna ROM"]
[Date "2009.06.21"]
[Round "7"]
[White "Radjabov,T"]
[Black "Kamsky,G"]
[Result "1-0"]
[WhiteElo "2756"]
[BlackElo "2720"]
[EventDate "2009.06.14"]

1. e4 c6 2. d4 d5 3. Nc3 dxe4 4. Nxe4 Bf5 5. Ng3 Bg6 6. Nh3 Nf6 7. Nf4 Nbd7
8. Bc4 Nb6 9. Bb3 Qd7 10. O-O Rd8 11. c3 Nbd5 12. Nd3 Bxd3 13. Qxd3 g6 14.
Bg5 Bg7 15. Rfe1 h6 16. Bd2 O-O 17. Rad1 b5 18. h3 Qc7 19. a4 a6 20. Qc2 e6
21. Qc1 h5 22. Nf1 c5 23. axb5 axb5 24. dxc5 Qxc5 25. Nh2 Nb6 26. Be3 Qc7
27. Nf3 Nc4 28. Bd4 Rd5 29. Ba2 Ra8 30. Qb1 Re8 31. b3 Na3 32. Qb2 Ra8 33.
c4 bxc4 34. bxc4 Rf5 35. Nh4 Rf4 36. Be5 Nxc4 37. Qc1 Qc5 38. Qxf4 Nxe5 39.
Bxe6 Ra5 40. Bb3 Rb5 41. Nf3 Nxf3+ 42. Qxf3 Qc7 43. Qd3 Rb8 44. Rc1 Qb7 45.
Rb1 Qa7 46. Qd6 Kh7 47. Ra1 Qb7 48. Bxf7 Rf8 49. Re7 1-0

[Event "III Kings' Tournament"]
[Site "Bazna ROM"]
[Date "2009.06.22"]
[Round "8"]
[White "Shirov,A"]
[Black "Radjabov,T"]
[Result "1/2-1/2"]
[WhiteElo "2745"]
[BlackElo "2756"]
[EventDate "2009.06.14"]

1. e4 c5 2. Nf3 Nc6 3. d4 cxd4 4. Nxd4 Nf6 5. Nc3 e5 6. Ndb5 d6 7. Bg5 a6
8. Na3 b5 9. Nd5 Be7 10. Bxf6 Bxf6 11. c3 Bg5 12. Nc2 Ne7 13. h4 Bh6 14. a4
bxa4 15. Ncb4 O-O 16. Qxa4 Nxd5 17. Nxd5 a5 18. Bb5 Be6 19. Bc6 Rb8 20. b4
axb4 21. cxb4 Kh8 22. b5 Bxd5 23. Bxd5 Qb6 24. O-O Qxb5 25. Qxb5 Rxb5 26.
Ra6 f6 27. Rxd6 Rc5 28. h5 Rc7 29. g3 g6 30. Kg2 Kg7 31. Kh3 Bc1 32. f4
exf4 33. gxf4 g5 34. fxg5 Bxg5 35. e5 Re7 36. e6 f5 37. Bc6 Kh6 38. Bf3
1/2-1/2

[Event "III Kings' Tournament"]
[Site "Bazna ROM"]
[Date "2009.06.22"]
[Round "8"]
[White "Kamsky,G"]
[Black "Nisipeanu,LD"]
[Result "1/2-1/2"]
[WhiteElo "2720"]
[BlackElo "2675"]
[EventDate "2009.06.14"]

1. d4 d5 2. Nf3 Nf6 3. Bf4 c5 4. e3 Nc6 5. c3 Qb6 6. Qb3 c4 7. Qc2 Bf5 8.
Qc1 h6 9. Be2 e6 10. h3 Qd8 11. b3 b5 12. bxc4 bxc4 13. Bd1 Qa5 14. Bc2 Ne4
15. O-O g5 16. Bh2 Bd6 17. Re1 Bxh2+ 18. Nxh2 Nd6 19. f3 Bxc2 20. Qxc2 f5
21. Nd2 Kd7 22. e4 Rab8 23. Nhf1 Qa3 24. Rab1 Rhf8 25. Ng3 Nb5 26. Ne2 Qa5
27. Qc1 Na3 28. Rxb8 Rxb8 29. exd5 exd5 30. f4 Qa4 31. fxg5 hxg5 32. Nf3 f4
33. Rf1 Re8 34. Qd2 Qc2 35. Qxc2 Nxc2 36. Kf2 Ne3 37. Rb1 g4 38. Nh4 Re4
39. Ng6 g3+ 40. Kf3 Nxg2 41. Ngxf4 Nxf4 42. Nxf4 Ne7 43. Kxg3 Kc6 44. Kf3
Nf5 45. Nxd5 Kxd5 46. Rb5+ Ke6 47. d5+ Kf6 48. Kxe4 Nd6+ 49. Kd4 Nxb5+ 50.
Kxc4 Nd6+ 51. Kd4 Nb5+ 52. Kd3 Ke5 53. c4 Nd6 54. h4 Nf5 55. h5 Kd6 56. Kc3
Kc5 57. Kb3 Nh6 58. Ka4 Kxc4 59. d6 Kc5 1/2-1/2

[Event "III Kings' Tournament"]
[Site "Bazna ROM"]
[Date "2009.06.25"]
[Round "10"]
[White "Kamsky,G"]
[Black "Gelfand,B"]
[Result "1/2-1/2"]
[WhiteElo "2720"]
[BlackElo "2733"]
[EventDate "2009.06.14"]

1. e4 e5 2. Bc4 Nf6 3. d3 c6 4. Nf3 d5 5. Bb3 Bd6 6. exd5 cxd5 7. O-O Nc6
8. Bg5 Be6 9. Nc3 Bc7 10. Nb5 Bb6 11. Re1 a6 12. Nc3 Qd6 13. Bh4 O-O 14.
Bxf6 gxf6 15. Qd2 Kg7 16. Ne2 Qb4 17. c3 Qg4 18. d4 Rad8 19. h3 Qg6 20. Ng3
e4 21. Nh4 Qg5 22. Nhf5+ Kh8 23. Qxg5 fxg5 24. f3 exf3 25. gxf3 Na5 26. Kf2
Nxb3 27. axb3 Bc7 28. h4 Rg8 29. h5 g4 30. Nh6 Rg7 31. fxg4 Bxg4 32. Re7
Bxg3+ 1/2-1/2